00762nam a2200169 a 450000100100000000500170001000800410002704000250006810000300009324500430012326000420016630000210020804900090022995201640023895201730040299900170057500003292320200930065921.0110801s1936 dr 000 0 spa d aDO-SdBNPbspacBNPHU1 aGowrie, William A.95867610aNueva estética /cWilliam A. Gowrie. aSanto Domingo :bLa Opinión,c1936. a112 p. ;c19 cm. aBNPD 001050718RVaPDbPDcHDd2011-08-01iLF1l0o p32923-10r2020-06-25w2020-06-25y1zPerteneció a la biblioteca personal de Martínez Boog.ZNo se presta 001050718RVaPDbPDcCTd2011-08-10iLF1l0o p32923-20r2020-06-25te. 2w2020-06-25y1zPerteneció a la biblioteca personal de Julio Ortega Frier.ZNo se presta c32414d32414